| 000 | 00905cam a2200253 4500 | ||
|---|---|---|---|
| 001 | |||
| 008 | 010726n2001 000 0 eng u | ||
| 020 | _a1899769935 | ||
| 035 | _a(Sirsi) u113785 | ||
| 100 | _aAnstey, J. | ||
| 245 | _aAccess to Neighbouring Land Act 1992 - a CPD study pack | ||
| 250 | _a2nd ed. | ||
| 260 |
_aOxford _bCollege of Estate Management _c2001 |
||
| 300 |
_avi,26p. _c30cm. + 1 audio cassette (ca. 60 min.) |
||
| 490 | _aCollege of Estate Management CPD Study Pack | ||
| 520 | _aAccompanied by an Owlion Audio Programme entitled "Access to Neighbouring Land Act 1992" (E1354), which is also available to borrow separately. | ||
| 520 | _aSuperseded by third edition (ISBN 1904388248). | ||
| 650 |
_aBoundary disputes _96221 |
||
| 650 |
_aBoundary disputes _96221 |
||
| 650 | _aLAND | ||
| 690 | _aPROPERTY | ||
| 710 |
_aCollege of Estate Management _9400 |
||
| 942 | _n0 | ||
| 999 |
_c85412 _d85412 |
||